000 01215cam a2200241 4500
001 L135920
008 061218n2006 000 0 eng u
035 _a(Sirsi) u135920
041 0 _aeng
110 2 _aLeasehold Advisory Service
_93510
245 0 0 _aCadogan v Sportelli Lands Tribunal
_b 15th September 2006
260 _aLondon
_bLeasehold Advisory Service
_c2006
520 _aDiscusses the decision by the Tribunal to confirm deferment rates at 5% for flats and 4.75% for houses. It is intended by the Tribunal that the ruling should be accepted as a guideline to be followed by valuers and Leasehold Valuation Tribunals. The Land Tribunal found no justification for variation of the rate in respect of length of term, location or condition.
590 _aKA
650 2 4 _aEARL CADOGAN AND ANOTHER V SPORTELLI AND ANOTHER
650 2 4 _aLEASEHOLD REFORM ACT 1967 S6
650 2 4 _aLEASEHOLD REFORM ACT 1967 S9
650 2 4 _aLEASEHOLD REFORM ACT 1967 S13
651 4 _aEngland and Wales
_y1543-
690 _aPROPERTY-LEASEHOLD PROPERTY-LANDLORD AND TENANT-LEASES
856 4 0 _uhttps://www.lease-advice.org/sportelliframe.htm
_zView the item free of charge at www.lease-advice.org...
942 _n0
999 _c106243
_d106243